书目信息 |
| 题名: |
特殊压力容器
|
|
| 作者: | 郑津洋 , 陈志平 编著 | |
| 分册: | ||
| 出版信息: | 北京 化学工业出版社 1997.08 |
|
| 页数: | 392页 | |
| 开本: | 16开 | |
| 丛书名: | ||
| 单 册: | ||
| 中图分类: | TH49 | |
| 科图分类: | ||
| 主题词: | 压力容器 | |
| 电子资源: | ||
| ISBN: | 7-5025-1968-8 | |
| 000 | 00591nam0 2200205 45 | |
| 001 | 0010071123 | |
| 005 | 20001007110513.4 | |
| 010 | @a7-5025-1968-8@d41.00元 | |
| 100 | @a20001007d1997 km y0chiy0120 ea | |
| 101 | 0 | @achi |
| 105 | @a z 000yy | |
| 200 | 1 | @a特殊压力容器@ATe Shu Ya Li Rong Qi@f郑津洋,陈志平编著@FZheng Jin Yang,Chen Zhi Ping Bian Zhu |
| 210 | @a北京@c化学工业出版社@d1997.08 | |
| 215 | @a392页@d16开 | |
| 606 | 0 | @a压力容器 |
| 690 | @aTH49@v3 | |
| 701 | 0 | @a郑津洋@4编著 |
| 701 | 0 | @a陈志平@4编著 |
| 801 | @aCN@bPftUser@c20001007 | |
| 905 | @b170447-449@dTH49@eZH889@f3 | |
| 特殊压力容器/郑津洋,陈志平编著.-北京:化学工业出版社,1997.08 |
| 392页;16开 |
| ISBN 7-5025-1968-8:41.00元 |
| ● |
| 相关链接 |
|
|
|
正题名:特殊压力容器
索取号:TH49/ZH889
 
预约/预借
| 序号 | 登录号 | 条形码 | 馆藏地/架位号 | 状态 | 备注 |
| 1 | 170447 | 201704478 | 期刊室512/501自科库 135排2列6层/ [索取号:TH49/ZH889] | 在馆 | |
| 2 | 170448 | 201704487 | 自科库501/501自科库 135排3列1层/ [索取号:TH49/ZH889] | 在馆 | |
| 3 | 170449 | 201704496 | 自科库501/501自科库 135排3列1层/ [索取号:TH49/ZH889] | 在馆 |